| Tag |
First Indicator |
Second Indicator |
Subfields |
| LEADER |
00000cam a2200000 i 4500 |
| 001 |
in00000816521 |
| 005 |
20151017114128.0 |
| 008 |
800420s1980 dcua b f00010 eng d |
| 010 |
|
|
|a gp 80013385
|
| 020 |
|
|
|c $6.00 (pbk. :)
|
| 035 |
|
|
|a (OCoLC)06258204
|
| 035 |
|
|
|9 ADU6080AM
|
| 037 |
|
|
|b 20402
|
| 040 |
|
|
|c GPO
|d MvI-ocm
|d UtOrBLW
|
| 043 |
|
|
|a n-us---
|
| 074 |
|
|
|a 84
|
| 086 |
0 |
|
|a A 13.2:R 32/3
|
| 100 |
1 |
|
|a Larson, John E.
|
| 245 |
1 |
0 |
|a Revegetation equipment catalog /
|c by John E. Larson ; prepared for the Vegetative Rehabilitation and Equipment Workshop.
|
| 264 |
|
1 |
|a Missoula, Mont. :
|b Dept. of Agriculture, Forest Service, Equipment Development Center ;
|c 1980.
|
| 264 |
|
2 |
|a Washington :
|b For sale by the Supt. of Docs., U.S. Govt. Print. Off,
|
| 300 |
|
|
|a v, 198 pages :
|b illustrations ;
|c 26 cm.
|
| 336 |
|
|
|a text
|b txt
|2 rdacontent
|
| 337 |
|
|
|a unmediated
|b n
|2 rdamedia
|
| 338 |
|
|
|a volume
|b nc
|2 rdacarrier
|
| 500 |
|
|
|a Issued Feb. 1980.
|
| 504 |
|
|
|a Bibliography: pages 181-182.
|
| 650 |
|
0 |
|a Range management.
|
| 650 |
|
0 |
|a Reclamation of land
|z United States.
|
| 650 |
|
0 |
|a Revegetation
|z United States.
|
| 650 |
|
0 |
|a Wildlife habitat improvement
|z United States.
|
| 711 |
2 |
|
|a Vegetative Rehabilitation and Equipment Workshop,
|d (1979 :
|c Casper, Wyo.)
|
| 740 |
|
|
|a Catalog, revegetation equipment.
|
| 710 |
2 |
|
|a Equipment Development Center (Missoula, Mont.)
|
| 999 |
|
|
|a MARS
|
| 999 |
f |
f |
|s 98dcd12f-faa1-3d3b-8c41-453f54865005
|i a5ce8c23-d7d8-3af6-bbdc-36c9aed49d44
|t 0
|
| 952 |
f |
f |
|p normal
|a Texas A&M University
|b College Station
|c Sterling C. Evans Library
|d Evans: US Documents (Annex 5th floor)
|t 0
|e A 13.2:R 32/3
|h Superintendent of Documents classification
|i unmediated -- volume
|m A14812374200
|
| 998 |
f |
f |
|a A 13.2:R 32/3
|t 0
|l Evans: US Documents (Annex 5th floor)
|